| 000 | 00726nam0a22002291 4500 | ||
|---|---|---|---|
| 001 | RU\NLR\BIBL_A\022723021 | ||
| 005 | 20260215045402.0 | ||
| 035 | _a(NLR Aleph) 022723021 | ||
| 090 |
_a13550941 _c13550941 |
||
| 100 | _a20260209d1983 u y0rusy50 ca | ||
| 101 | 0 |
_arus _ceng |
|
| 102 | _aRU | ||
| 105 | _aa z|||000yy | ||
| 200 | 1 |
_aХЕТТЫ И ИХ СОВРЕМЕННИКИ В МАЛОЙ АЗИИ _fДж. Г. Маккуин _gПер. с англ Ф.Л. Мендельсона |
|
| 210 |
_aМ. _cНаука _d1983 |
||
| 215 |
_a183 с. _cил. |
||
| 700 | 1 |
_aМаккуин _bДж. Г. _gДжеймс Г. _4070 |
|
| 852 |
_aNLR _bОЛСАА-сл-спр _j2-2636 |
||
| 942 | _cBOOK | ||
| 980 | 1 | _aSL_SPR | |
| 980 | _aNB | ||